| 000 | 00745nam a2200289 a 4500 | ||
|---|---|---|---|
| 003 | AR-BaBNM | ||
| 005 | 20251128205035.0 | ||
| 008 | 082120s2002 ||||||||||||||000 | spa|| | ||
| 020 | _a84-660-0059-3 | ||
| 040 | _cAR-BaBNM | ||
| 245 | 0 | 0 | _aLiteratura quechua |
| 260 |
_aCaracas _bBiblioteca Ayacucho _c1980 |
||
| 300 | _axxxii, 450 p. | ||
| 500 | _aCronología en p. 389 | ||
| 504 | _aContiene bibliografía en p. 439 | ||
| 650 | 4 | _aLITERATURA FOLKLORICA | |
| 650 | 4 | _aCOSTUMBRES Y TRADICIONES | |
| 650 | 4 | _aLENGUAS AMERINDIAS | |
| 650 | 4 | _aPOESIA | |
| 650 | 4 | _aLEYENDAS | |
| 650 | 4 | _aMITOLOGIA | |
| 650 | 4 | _aANTOLOGIAS | |
| 655 | _aLITERATURA | ||
| 700 | 1 |
_aBendezú Aybar, Edmundo _eeditor |
|
| 942 | _cBK | ||
| 998 | _cisola | ||
| 999 |
_c9745 _d9745 |
||